| 000 | 00599nam a2200169Ia 4500 | ||
|---|---|---|---|
| 003 | GCL | ||
| 008 | 140319s9999 xx 000 0 ara d | ||
| 040 |
_aGCL / _cGCL |
||
| 082 | 0 | 4 |
_a301.31 _bم م |
| 100 | 1 | _aاحمد عبدالله احمد | |
| 245 | 1 | 0 |
_aصحة المرأة فى فترة الانجاب : الخطر الكامن / _cاحمد عبدالله احمد |
| 700 | 1 | _aجاكوبسون، جودى. ل . | |
| 490 |
_aمعهد مراقبة البيئة العالمية ورلد واتش _v0 |
||
| 650 | 0 | 4 | _aالمرأة - صحة |
| 650 | 0 | 4 | _aالبيئة - علم |
| 942 |
_2ddc _cBK |
||
| 999 |
_c46648 _d46648 |
||